| 000 | 00408ntaaa2200169 4500 | ||
|---|---|---|---|
| 003 | 01 | ||
| 005 | 20251027201556.0 | ||
| 008 | 0714s1973 ag 01 | ||
| 040 |
_aAR-BaBN _bspa _cAR-BaBN _eaacr _dRIC |
||
| 082 | _a230.0000 G93 | ||
| 100 |
_aGutierrez Marín, Manuel _9642 |
||
| 245 | _aDogmática Evangélica | ||
| 250 |
_a1 ed. : _bla Aurora, _c1958 |
||
| 300 | _a175 p. | ||
| 650 | _aTeología | ||
| 942 | _cBK | ||
| 999 |
_c10352 _d10352 |
||